Rechnen - Fachbegriffe - Statistiken

Allgemein
  • Dieses Quiz wurde 174 mal gespielt
  • Das Durchschnittsergebnis liegt bei 9 aus 14
Antwortstatistiken
Antwort % Korrekt
Addition
97%
Subtraktion
92%
Summe
91%
Multiplikation
89%
Division
84%
Produkt
63%
Summand
63%
Differenz
50%
Divisor
43%
Faktor
43%
Quotient
43%
Dividend
36%
Minuend
28%
Subtrahent
28%
Keine übereinstimmenden Quizze gefunden
Verteilung der Resultate
Anzahl Personen mit jedem Resultat
Perzentil nach korrekt beantworteten Fragen
Ihre Resultats-Entwicklung
Sie haben dieses Quiz noch nicht gespielt